00538nam a2200145 a 450000100100000000500170001000800410002704000250006810000350009324500740012826000550020230000130025795201050027099900170037500003135920200930062857.0110620s1965 cu 000 0 spa d aDO-SdBNPbspacBNPHU1 aRodríguez Feo, José91687910aMis recuerdos de Pedro Henríquez Ureña /cJosé Rodríguez Feo. a[La Habana, Cuba :b[Casa de la Cultura],c[1965]. a[10 p.]. 001050718MOaPDbPDcHDd2011-06-20iLF1l0o p31359-10r2020-06-25w2020-06-25y1ZNo se presta c30851d30851